<?xml version="1.0" encoding="UTF-8"?>
<record
    xmlns:xsi="http://www.w3.org/2001/XMLSchema-instance"
    xsi:schemaLocation="http://www.loc.gov/MARC21/slim http://www.loc.gov/standards/marcxml/schema/MARC21slim.xsd"
    xmlns="http://www.loc.gov/MARC21/slim">

  <leader>01552nam a22003257a 4500</leader>
  <controlfield tag="003">AR-RoUNCS</controlfield>
  <controlfield tag="005">20260313102624.0</controlfield>
  <controlfield tag="007">ta</controlfield>
  <controlfield tag="008">230515s2004    ag a   br    f001 mdspa  </controlfield>
  <datafield tag="015" ind1=" " ind2=" ">
    <subfield code="a">AR-2004</subfield>
  </datafield>
  <datafield tag="040" ind1=" " ind2=" ">
    <subfield code="a">AR-BaBN</subfield>
    <subfield code="b">spa</subfield>
    <subfield code="c">AR-RoUNCS</subfield>
    <subfield code="e">aacr</subfield>
  </datafield>
  <datafield tag="044" ind1=" " ind2=" ">
    <subfield code="a">ag</subfield>
    <subfield code="c">ar-c</subfield>
  </datafield>
  <datafield tag="080" ind1="1" ind2=" ">
    <subfield code="a">82-34</subfield>
    <subfield code="2">2016</subfield>
  </datafield>
  <datafield tag="245" ind1="0" ind2="0">
    <subfield code="a">Leer x leer :</subfield>
    <subfield code="b">lecturas para estudiantes </subfield>
    <subfield code="n">Libro 1</subfield>
    <subfield code="p">Octavo a&#xF1;o EGB (Primer a&#xF1;o secundaria) /</subfield>
    <subfield code="c">[compilado por Gustavo Bombini].</subfield>
  </datafield>
  <datafield tag="246" ind1="1" ind2="4">
    <subfield code="a">Leer x leer :</subfield>
    <subfield code="b">educaci&#xF3;n secundaria</subfield>
  </datafield>
  <datafield tag="250" ind1=" " ind2=" ">
    <subfield code="a">1a ed.</subfield>
  </datafield>
  <datafield tag="260" ind1=" " ind2=" ">
    <subfield code="a">Ciudad Aut&#xF3;noma de Buenos Aires :</subfield>
    <subfield code="b">Ministerio de Educacion de la Naci&#xF3;n,</subfield>
    <subfield code="c">2021.</subfield>
  </datafield>
  <datafield tag="300" ind1=" " ind2=" ">
    <subfield code="a">183 p. :</subfield>
    <subfield code="b">il. ;</subfield>
    <subfield code="c">19 cm.</subfield>
  </datafield>
  <datafield tag="490" ind1=" " ind2=" ">
    <subfield code="a">Plan Nacional de Lectura ;</subfield>
    <subfield code="v">1</subfield>
  </datafield>
  <datafield tag="500" ind1=" " ind2=" ">
    <subfield code="a">Libro de distribuci&#xF3;n gratuita.</subfield>
  </datafield>
  <datafield tag="505" ind1="0" ind2=" ">
    <subfield code="t">&#xA1;Arriad el foque! /</subfield>
    <subfield code="r">Ana Mar&#xED;a Sh&#xFA;a --</subfield>
    <subfield code="t">Balada que trajo un barco /</subfield>
    <subfield code="r">Rafael Alberti --</subfield>
    <subfield code="t">Blancanieves /</subfield>
    <subfield code="r">Ren&#xE9; Avil&#xE9;s Fabila --</subfield>
    <subfield code="t">El flaustista electr&#xF3;nico de Hamelin/</subfield>
    <subfield code="r">Ren&#xE9; Avil&#xE9;s Fabila --</subfield>
    <subfield code="t">&#xBF;Ser&#xED;a fantasma? /</subfield>
    <subfield code="r">George Loring Frost.</subfield>
    <subfield code="t">Desayuno /</subfield>
    <subfield code="r">Jacques Pr&#xE9;vert --
</subfield>
    <subfield code="t">El hombre de la isla /</subfield>
    <subfield code="r">Robert Louis Stevenson --</subfield>
    <subfield code="t">Las manos de mi padre /</subfield>
    <subfield code="r">Eliahu Toker --</subfield>
    <subfield code="t">Como p&#xE1;jaros en el aire /</subfield>
    <subfield code="r">Peteco Carabajal --</subfield>
    <subfield code="t">El oso marr&#xF3;n /</subfield>
    <subfield code="r">Mempo Giardinelli.</subfield>
  </datafield>
  <datafield tag="521" ind1="4" ind2=" ">
    <subfield code="a">Escuela primaria, primer ciclo.</subfield>
  </datafield>
  <datafield tag="650" ind1=" " ind2="7">
    <subfield code="a">Pr&#xE1;cticas del lenguaje</subfield>
    <subfield code="v">Libros de texto (Secundaria)</subfield>
    <subfield code="2">embne</subfield>
  </datafield>
  <datafield tag="650" ind1=" " ind2="7">
    <subfield code="a">Literatura infantil</subfield>
    <subfield code="2">embne</subfield>
  </datafield>
  <datafield tag="655" ind1=" " ind2="7">
    <subfield code="a">Poes&#xED;as</subfield>
    <subfield code="2">embne</subfield>
  </datafield>
  <datafield tag="655" ind1=" " ind2="7">
    <subfield code="a">Cuentos</subfield>
  </datafield>
  <datafield tag="655" ind1=" " ind2="4">
    <subfield code="a">Literatura infantil</subfield>
  </datafield>
  <datafield tag="700" ind1="1" ind2=" ">
    <subfield code="a">Bombini, Gustavo.</subfield>
    <subfield code="e">coordinador</subfield>
  </datafield>
  <datafield tag="942" ind1=" " ind2=" ">
    <subfield code="2">udc</subfield>
    <subfield code="c">OG</subfield>
    <subfield code="n">0</subfield>
  </datafield>
  <datafield tag="999" ind1=" " ind2=" ">
    <subfield code="c">967</subfield>
    <subfield code="d">967</subfield>
  </datafield>
  <datafield tag="952" ind1=" " ind2=" ">
    <subfield code="0">0</subfield>
    <subfield code="1">0</subfield>
    <subfield code="2">udc</subfield>
    <subfield code="4">0</subfield>
    <subfield code="7">0</subfield>
    <subfield code="8">CG</subfield>
    <subfield code="a">ESOCIALES</subfield>
    <subfield code="b">ESOCIALES</subfield>
    <subfield code="d">2026-03-13</subfield>
    <subfield code="e">Donaci&#xF3;n 2023</subfield>
    <subfield code="l">0</subfield>
    <subfield code="o">82-34 L486</subfield>
    <subfield code="p">000916</subfield>
    <subfield code="r">2026-03-13 10:27:13</subfield>
    <subfield code="w">2026-03-13</subfield>
    <subfield code="y">OG</subfield>
  </datafield>
</record>
